[Event "Championnat de France des Jeunes - Cade"]
[Site "MONTLUCON"]
[Date "2011.04.22"]
[Round "7.10"]
[White "Abidi, Ines"]
[Black "Ranc, Candice"]
[Result "1/2-1/2"]
[WhiteElo "1677"]
[BlackElo "1570"]
[PlyCount "90"]
[EventDate "2011.??.??"]

1. d4 Nf6 2. c4 e5 3. dxe5 Ng4 4. e3 Nxe5 5. Nh3 Be7 6. Nf4 d6 7. Be2 Bf5 8.
O-O Nbd7 9. Nc3 Nf6 10. Qd2 O-O 11. b3 Qd7 12. Ba3 Ne4 13. Nxe4 Bxe4 14. Rfd1
Rad8 15. Bb2 Qf5 16. f3 Bc6 17. e4 Qd7 18. Qc2 Bf6 19. Nd5 Bxd5 20. cxd5 Rfe8
21. Bc3 Qe7 22. Rac1 Bg5 23. Bd2 Bxd2 24. Rxd2 c6 25. Rcd1 c5 26. Qb2 Ng6 27.
Bb5 Rf8 28. Rc2 b6 29. Rdc1 Qc7 30. b4 Rb8 31. Be2 Nf4 32. Kf2 Nxe2 33. Kxe2
Rfe8 34. Kf2 Qe7 35. g3 f6 36. Qc3 Rbc8 37. a3 Qe5 38. Qxe5 Rxe5 39. Rb2 Ree8
40. h3 h6 41. Rbc2 Red8 42. Ke3 g5 43. f4 Kg7 44. h4 Re8 45. h5 Re7 1/2-1/2

[Event "Championnat de France des Jeunes - Cade"]
[Site "MONTLUCON"]
[Date "2011.04.22"]
[Round "7.11"]
[White "Briatte, Coline"]
[Black "Sellier, Charlotte"]
[Result "0-1"]
[WhiteElo "1570"]
[BlackElo "1250"]
[PlyCount "120"]
[EventDate "2011.??.??"]

1. d4 d5 2. e4 e6 3. Nc3 Ne7 4. Bg5 Nbc6 5. e5 h6 6. Bh4 g5 7. Bg3 Bg7 8. h3
Nf5 9. Bb5 Bd7 10. Nge2 f6 11. exf6 Bxf6 12. Bxc6 Bxc6 13. Qd3 a6 14. O-O-O Qd7
15. Rhe1 O-O-O 16. Kb1 Rhe8 17. Nc1 Nxg3 18. Qxg3 Qe7 19. Nb3 e5 20. Nc5 Qd6
21. Qg4+ Kb8 22. Nb3 Rf8 23. Re2 Rde8 24. Rde1 Bg7 25. h4 Rf4 26. Qg3 Rxh4 27.
dxe5 Qe6 28. Nc5 Qe7 29. Nd3 d4 30. Nd1 Bb5 31. f3 Bxd3 32. cxd3 Rf4 33. Qh2
Qc5 34. Nf2 Qa5 35. Ng4 Re6 36. Re4 Rxe4 37. Rxe4 Qd2 38. Qh1 Qxd3+ 39. Ka1 c5
40. a3 Qb3 41. Qc1 b6 42. Qd2 Kc7 43. Qe2 b5 44. Qd2 Kb6 45. Kb1 a5 46. Qc2 Qd5
47. Qe2 d3 48. Qd2 c4 49. Qe3+ Kc6 50. Kc1 Qc5 51. Qxc5+ Kxc5 52. Kd2 Kd5 53.
Kc3 Bxe5+ 54. Nxe5 Rxe5 55. Rd4+ Kc6 56. a4 Kc5 57. axb5 Kxb5 58. Rxc4 Rd5 59.
Rc8 d2 60. Rb8+ Ka6 0-1

[Event "Championnat de France des Jeunes - Cade"]
[Site "MONTLUCON"]
[Date "2011.04.22"]
[Round "7.12"]
[White "Airoldi, Lea"]
[Black "Lebret, Loriane"]
[Result "0-1"]
[WhiteElo "1490"]
[BlackElo "1625"]
[PlyCount "62"]
[EventDate "2011.??.??"]

1. d4 d5 2. c4 c6 3. Nc3 Nf6 4. Bf4 e6 5. e3 Nbd7 6. Bd3 dxc4 7. Bxc4 b5 8. Bd3
a6 9. Nf3 Be7 10. O-O O-O 11. Rc1 Bb7 12. e4 c5 13. d5 exd5 14. exd5 Nb6 15. d6
Bxd6 16. Bxd6 Bxf3 17. Qxf3 Qxd6 18. Rcd1 Qc7 19. Rfe1 Rfe8 20. Ne4 Nbd7 21.
Nd6 Rxe1+ 22. Rxe1 Rd8 23. Nf5 g6 24. Nh6+ Kg7 25. Ng4 Nxg4 26. Qxg4 Ne5 27.
Rxe5 Qxe5 28. Qe2 Qxe2 29. Bxe2 Rd2 30. Bf1 Rxb2 31. a4 Rb1 0-1

[Event "Championnat de France des Jeunes - Cade"]
[Site "MONTLUCON"]
[Date "2011.04.23"]
[Round "8.1"]
[White "Thuret, Marine"]
[Black "Soubirou, Oriane"]
[Result "0-1"]
[WhiteElo "1909"]
[BlackElo "1996"]
[PlyCount "120"]
[EventDate "2011.??.??"]

1. b3 b6 2. Bb2 Bb7 3. e3 Nf6 4. f4 d6 5. Nf3 a6 6. Be2 Nbd7 7. O-O c5 8. d3
Qc7 9. e4 e5 10. fxe5 dxe5 11. Qe1 Bd6 12. a4 O-O-O 13. Na3 Nf8 14. Nc4 Ng6 15.
Nh4 Rhe8 16. Nf5 Bf8 17. Qg3 Nf4 18. Rae1 Ng6 19. h4 b5 20. axb5 axb5 21. Na3
Bc6 22. h5 Nf4 23. Bg4 Kb7 24. Bxe5 Qxe5 25. Qxf4 Qb2 26. Ra1 Ra8 27. Rfb1 Qc3
28. Ng3 Qd4+ 29. Kh1 Bd6 30. Qf3 Qe5 31. Kh2 Qxg3+ 32. Qxg3 Nxg4+ 33. Kh3 Bxg3
34. Kxg3 Nf6 35. Kh4 Rad8 36. Rf1 Bd7 37. h6 Re5 38. hxg7 Rh5+ 39. Kg3 Rg5+ 40.
Kh2 Ng4+ 41. Kh1 Rxg7 42. Rae1 Rdg8 43. Re2 Ne5 44. Ref2 Rg3 45. Nb1 h5 46. Nc3
h4 47. Ne2 R3g7 48. Nf4 Rg5 49. c3 Be6 50. Nxe6 fxe6 51. d4 Ng4 52. Rf7+ Kb8
53. Re7 h3 54. g3 R5g7 55. Rxe6 Ne3 56. Rf3 Rxg3 57. Rxg3 Rxg3 58. dxc5 Ng4 59.
Re8+ Kc7 60. Rf8 Rg2 0-1

[Event "Championnat de France des Jeunes - Cade"]
[Site "MONTLUCON"]
[Date "2011.04.23"]
[Round "8.2"]
[White "Le Bail, Arielle"]
[Black "Alonso, Audrey"]
[Result "1-0"]
[WhiteElo "1859"]
[BlackElo "1842"]
[Annotator "Rivier,Sylvain"]
[PlyCount "72"]
[EventDate "2011.??.??"]

1. e4 e5 2. Nf3 Nc6 3. Bc4 Bc5 4. c3 Nf6 5. d4 exd4 6. cxd4 Bb4+ 7. Nc3 d6 8.
O-O O-O 9. Bg5 Bxc3 10. bxc3 h6 11. Bh4 g5 12. Nxg5 hxg5 13. Bxg5 Kg7 14. Qf3
Qe7 15. Rfe1 Re8 16. Re3 Kg6 17. Qg3 Nxe4 18. Bxe7+ Nxg3 19. Rxg3+ Kh7 20. Bf6
Bf5 21. Rg5 Bg6 22. Rg3 Bf5 23. Rf3 Be4 24. Rg3 d5 25. Bb3 Na5 26. Be5 Rg8 27.
f3 Rxg3 28. Bxg3 Nxb3 29. axb3 Bc2 30. b4 Bd3 31. Kf2 Ba6 32. Re1 Kg6 33. f4
Rh8 34. Kf3 Bd3 35. Re7 Ba6 36. h3 Rh7 {suite illisible} 1-0

[Event "Championnat de France des Jeunes - Cade"]
[Site "MONTLUCON"]
[Date "2011.04.23"]
[Round "8.3"]
[White "Kohi, Camilla"]
[Black "Neuhauser, Salome"]
[Result "0-1"]
[WhiteElo "1797"]
[BlackElo "2075"]
[PlyCount "192"]
[EventDate "2011.??.??"]

1. Nf3 Nf6 2. c4 c5 3. Nc3 Nc6 4. g3 g6 5. Bg2 Bg7 6. O-O O-O 7. d3 d6 8. Ng5
Qd7 9. Nge4 Nxe4 10. Nxe4 b6 11. Rb1 Bb7 12. e3 e6 13. b3 d5 14. Ng5 Rad8 15.
Ba3 Rfe8 16. Qe2 dxc4 17. dxc4 Qd2 18. Qxd2 Rxd2 19. Ne4 Rxa2 20. Nd6 Rb8 21.
Nxb7 Rxb7 22. Bxc5 bxc5 23. Bxc6 Rb6 24. Ba4 Rd6 25. Rfd1 Rdd2 26. Rxd2 Rxd2
27. b4 cxb4 28. Rxb4 Ra2 29. c5 Bf8 30. Bb3 Ra1+ 31. Kg2 Bxc5 32. Ra4 Rxa4 33.
Bxa4 g5 34. Kf3 Kg7 35. Kg4 Kg6 36. Bc2+ f5+ 37. Kf3 g4+ 38. Ke2 h5 39. Ba4 e5
40. f3 a5 41. e4 fxe4 42. fxg4 hxg4 43. Bd7 Kg5 44. Bc6 e3 45. Bd7 e4 46. Bc6
Kf5 47. Bd7+ Ke5 48. Ba4 Kd4 49. Bd7 Kd5 50. Ba4 Kd4 51. Bd7 Kc3 52. Bxg4 a4
53. Be6 Kd4 54. Ba2 a3 55. Bb1 Ke5 56. Ba2 Kf5 57. Bb3 Bd4 58. Ba2 Kg4 59. Be6+
Kg5 60. Ba2 Kf5 61. Bb3 Ke5 62. Ba2 Kd6 63. Bg8 Kc5 64. Bf7 Kb4 65. Be6 Kc3 66.
h4 Kb4 67. h5 Kc5 68. g4 Kd6 69. Ba2 Ke5 70. Bb3 Kf6 71. Ba2 Kg5 72. Be6 Kf4
73. h6 Ke5 74. Ba2 Kf6 75. Bg8 Kg6 76. h7 Kg7 77. Bd5 Kxh7 78. Bxe4+ Kh6 79.
Bd5 Kg5 80. Kf3 Bc5 81. Ba2 Kf6 82. Bb3 Ke5 83. Ba2 Kd4 84. Ke2 Ke4 85. Bb3 Kf4
86. Be6 Bd4 87. Bc4 Kxg4 88. Kd3 Bc5 89. Kc2 Kf3 90. Kb3 e2 91. Bxe2+ Kxe2 92.
Kc2 Bb4 93. Kc1 Kd3 94. Kb1 Kc3 95. Ka2 Kc2 96. Ka1 Kb3 0-1

[Event "Championnat de France des Jeunes - Cade"]
[Site "MONTLUCON"]
[Date "2011.04.23"]
[Round "8.4"]
[White "Lenoel, Marine"]
[Black "Saucey, Capucine"]
[Result "1-0"]
[WhiteElo "1793"]
[BlackElo "1799"]
[PlyCount "106"]
[EventDate "2011.??.??"]

1. e4 e5 2. Nf3 Nc6 3. Bc4 Bc5 4. d3 Nf6 5. Nc3 d6 6. Bg5 h6 7. Be3 Bb6 8. Qd2
Be6 9. Bb5 Qd7 10. d4 exd4 11. Bxd4 Bxd4 12. Nxd4 a6 13. Bxc6 bxc6 14. f3 c5
15. Nde2 c6 16. Na4 Rd8 17. Rd1 O-O 18. O-O Qe7 19. b3 d5 20. exd5 Nxd5 21. Ng3
Nb4 22. Qf2 Nxa2 23. Nxc5 Nb4 24. Ra1 Bc8 25. Rfe1 Qf6 26. Nge4 Qb2 27. Rec1 f5
28. c3 Qxf2+ 29. Nxf2 Nd5 30. Nxa6 Nf4 31. Re1 Rd2 32. Kf1 Rfd8 33. Nc5 Rc2 34.
Rac1 Rb2 35. Rcd1 Rf8 36. g3 Nd5 37. c4 Nf6 38. Re2 Rxe2 39. Kxe2 Re8+ 40. Kf1
Kh7 41. Rd6 Re3 42. Kg2 f4 43. g4 Re2 44. Rxc6 Bxg4 45. fxg4 Nxg4 46. Nce4 Rb2
47. h3 Ne3+ 48. Kf3 Rxb3 49. Kxf4 Ng2+ 50. Ke5 Nh4 51. Rd6 Nf3+ 52. Kd5 Ng1 53.
c5 Rb8 1-0

[Event "Championnat de France des Jeunes - Cade"]
[Site "MONTLUCON"]
[Date "2011.04.23"]
[Round "8.5"]
[White "Auvray, Juliette"]
[Black "Finkel, Julie"]
[Result "1-0"]
[WhiteElo "2001"]
[BlackElo "1697"]
[PlyCount "61"]
[EventDate "2011.??.??"]

1. e4 c5 2. Nf3 Nc6 3. d4 cxd4 4. Nxd4 Nf6 5. Nc3 e5 6. Ndb5 d6 7. Bg5 a6 8.
Na3 b5 9. Nd5 Be7 10. Bxf6 Bxf6 11. c4 Nd4 12. cxb5 O-O 13. b6 Bg5 14. Bc4 Kh8
15. O-O g6 16. Qd3 Bh6 17. Nc2 Nxc2 18. Qxc2 Bb7 19. Qe2 Qh4 20. g3 Qh3 21.
Rad1 f5 22. f3 Rac8 23. b3 Bxd5 24. Bxd5 Rc3 25. Rd3 Rc1 26. Rxc1 Bxc1 27. Rc3
Bb2 28. Qxb2 fxe4 29. Bxe4 d5 30. Bxd5 Rd8 31. Rd3 1-0

[Event "Championnat de France des Jeunes - Cade"]
[Site "MONTLUCON"]
[Date "2011.04.23"]
[Round "8.7"]
[White "Copin, Oceane"]
[Black "Soriano, Manon"]
[Result "0-1"]
[WhiteElo "1914"]
[BlackElo "1551"]
[PlyCount "64"]
[EventDate "2011.??.??"]

1. d4 c5 2. d5 Nf6 3. Nf3 g6 4. g3 d6 5. Bg2 Bg7 6. O-O O-O 7. Re1 e6 8. e4
exd5 9. exd5 b5 10. a4 b4 11. a5 Bb7 12. c4 a6 13. Ra2 Re8 14. Bf4 Rxe1+ 15.
Nxe1 Qe7 16. b3 Bc8 17. Re2 Qc7 18. Nd2 Bf5 19. h3 Nh5 20. Re8+ Bf8 21. Bh6 Ng7
22. Qa1 Nxe8 23. Bxf8 Kxf8 24. Qh8+ Ke7 25. Qxh7 Kd8 26. g4 Bc8 27. Ne4 Qe7 28.
Nd3 Nd7 29. Qh8 Ndf6 30. f3 Nxe4 31. fxe4 Qg5 32. Kh2 Qd2 0-1

[Event "Championnat de France des Jeunes - Cade"]
[Site "MONTLUCON"]
[Date "2011.04.23"]
[Round "8.8"]
[White "Harwood, Elisabeth"]
[Black "Turquetille, Annabelle"]
[Result "0-1"]
[WhiteElo "1557"]
[BlackElo "1773"]
[PlyCount "80"]
[EventDate "2011.??.??"]

1. c4 e5 2. g3 Nf6 3. Bg2 d5 4. cxd5 Nxd5 5. Nc3 Nb6 6. e3 Be7 7. Nge2 c5 8.
O-O O-O 9. b3 a6 10. Bb2 Qc7 11. Rc1 Be6 12. Ne4 N6d7 13. Nxc5 Nxc5 14. b4 Qb6
15. bxc5 Qxb2 16. Rb1 Qxa2 17. Rxb7 Bxc5 18. Rc7 Nd7 19. Bxa8 Rxa8 20. Qc1 Qd5
21. Nc3 Qd6 22. Rb7 Bh3 23. Rb1 Bxf1 24. Kxf1 Rb8 25. Ra1 Qc6 26. Kg1 Bb4 27.
h4 Bxc3 28. Qxc3 Qxc3 29. dxc3 Nc5 30. Ra5 Rb5 31. Ra1 f6 32. Kg2 Rb3 33. Rc1
a5 34. Ra1 a4 35. Rc1 a3 36. c4 Nd3 37. Rd1 a2 38. Ra1 Rb2 39. Kg1 Nc5 40. Kg2
Nb3 0-1

[Event "Championnat de France des Jeunes - Cade"]
[Site "MONTLUCON"]
[Date "2011.04.23"]
[Round "8.9"]
[White "Haller, Noemie"]
[Black "Sadoune, Emilie"]
[Result "1-0"]
[WhiteElo "1654"]
[BlackElo "1539"]
[PlyCount "41"]
[EventDate "2011.??.??"]

1. e4 c5 2. Nf3 Nc6 3. d4 cxd4 4. Nxd4 Nf6 5. Nc3 d6 6. Be2 e6 7. Be3 Be7 8.
Qd2 a6 9. O-O-O O-O 10. f4 Qc7 11. g4 e5 12. Nf5 Rd8 13. g5 Ne8 14. Nd5 Qd7 15.
Nb6 Qe6 16. Bc4 d5 17. Bxd5 Rxd5 18. Nxe7+ Nxe7 19. exd5 Nxd5 20. Qxd5 Qxd5 21.
Rxd5 1-0

[Event "Championnat de France des Jeunes - Cade"]
[Site "MONTLUCON"]
[Date "2011.04.23"]
[Round "8.10"]
[White "Lebret, Loriane"]
[Black "Sellier, Charlotte"]
[Result "1-0"]
[WhiteElo "1625"]
[BlackElo "1250"]
[PlyCount "57"]
[EventDate "2011.??.??"]

1. e4 e5 2. Nf3 Nc6 3. Bb5 a6 4. Ba4 Nf6 5. O-O d5 6. exd5 Nxd5 7. Nxe5 Qf6 8.
d4 Bd6 9. Nxc6 O-O 10. Ne5 b5 11. Bb3 Bb7 12. Nd2 Rad8 13. Ndf3 Qe7 14. Re1 c5
15. Nc6 Qc7 16. Nxd8 Rxd8 17. c3 h6 18. Ne5 f6 19. Ng4 c4 20. Bc2 Bc8 21. Bxh6
Bf8 22. Be3 f5 23. Ne5 Bd6 24. Qh5 Nf6 25. Qg6 Bxe5 26. dxe5 Qxe5 27. Bb6 Qd6
28. Bxd8 Qxd8 29. Bxf5 1-0

[Event "Championnat de France des Jeunes - Cade"]
[Site "MONTLUCON"]
[Date "2011.04.23"]
[Round "8.11"]
[White "Ranc, Candice"]
[Black "Briatte, Coline"]
[Result "1-0"]
[WhiteElo "1570"]
[BlackElo "1570"]
[PlyCount "123"]
[EventDate "2011.??.??"]

1. e4 d5 2. exd5 Qxd5 3. Nc3 Qa5 4. d4 Nf6 5. Bd2 Bg4 6. Nf3 Nc6 7. Nb5 Bxf3 8.
Qxf3 Nxd4 9. Nxd4 Qe5+ 10. Qe3 Qxe3+ 11. Bxe3 O-O-O 12. Be2 e6 13. O-O a6 14.
Rad1 Bd6 15. a3 Rd7 16. b4 Rhd8 17. Nb3 Ne4 18. Rd3 Be7 19. Rfd1 h6 20. Bf3
Rxd3 21. Rxd3 Nd6 22. a4 Nc4 23. Rxd8+ Bxd8 24. Bd4 g6 25. Be2 Nd6 26. c4 Nf5
27. Bc3 h5 28. b5 axb5 29. cxb5 b6 30. a5 bxa5 31. Bxa5 Ne7 32. Bf3 Nd5 33. Kf1
Kd7 34. Nc5+ Kd6 35. Nb7+ Kd7 36. Nxd8 Kxd8 37. Ke1 Kd7 38. Ke2 Kd6 39. Kd3 Kc5
40. Bxd5 exd5 41. Bxc7 Kxb5 42. Kd4 Kc6 43. Bd8 Kd6 44. Bf6 Ke6 45. Bh8 Kd6 46.
Ke3 Ke6 47. Kf4 Kd6 48. Kg5 Ke6 49. Bd4 Ke7 50. f4 Kd6 51. f5 gxf5 52. Kxh5 Ke7
53. Kg5 Ke6 54. h4 Ke7 55. Kxf5 Kf8 56. g4 Ke7 57. Bg7 Ke8 58. h5 d4 59. Bxd4
Kf8 60. g5 Kg8 61. g6 fxg6+ 62. Kxg6 1-0

[Event "Championnat de France des Jeunes - Cade"]
[Site "MONTLUCON"]
[Date "2011.04.23"]
[Round "8.12"]
[White "Airoldi, Lea"]
[Black "Abidi, Ines"]
[Result "0-1"]
[WhiteElo "1490"]
[BlackElo "1677"]
[PlyCount "126"]
[EventDate "2011.??.??"]

1. d4 d5 2. c4 e6 3. Nc3 Nf6 4. Bf4 a6 5. e3 Nbd7 6. Bd3 Be7 7. Nf3 O-O 8. O-O
dxc4 9. Bxc4 b5 10. Bd3 c5 11. e4 cxd4 12. Nxd4 Bb7 13. e5 Nd5 14. Nxd5 Bxd5
15. Nf3 Rc8 16. Bc2 Bxf3 17. gxf3 Nb6 18. Qxd8 Rfxd8 19. Rac1 Nd5 20. Bd2 Bb4
21. Bg5 f6 22. exf6 gxf6 23. Bh6 Bd6 24. Kh1 Kh8 25. Rfe1 Bf4 26. Bxf4 Nxf4 27.
Be4 Rxc1 28. Rxc1 f5 29. Bb7 Rd6 30. h4 Kg7 31. Rc6 Rxc6 32. Bxc6 b4 33. a3
bxa3 34. bxa3 Kf6 35. Kh2 Nd3 36. Kg2 Ne5 37. Bb7 a5 38. f4 Nc4 39. a4 Nb2 40.
Bc6 Nd3 41. f3 Nxf4+ 42. Kg3 Ne2+ 43. Kf2 Nd4 44. Bd7 Ke7 45. Bc8 Kd8 46. Ba6
Kc7 47. Ke3 e5 48. f4 Kd6 49. Bd3 Ke6 50. Bc4+ Kf6 51. Bd3 Nb3 52. h5 h6 53.
Bc2 Nc5 54. Bd1 Ne6 55. fxe5+ Kxe5 56. Kf3 Nd4+ 57. Kf2 Kf4 58. Kg2 Ke3 59. Kg3
f4+ 60. Kg2 f3+ 61. Kf1 Nf5 62. Be2 Ng3+ 63. Ke1 f2+ 0-1

[Event "Championnat de France des Jeunes - Cadet"]
[Site "MONTLUCON"]
[Date "2011.04.24"]
[Round "9.1"]
[White "Soubirou, Oriane"]
[Black "Saucey, Capucine"]
[Result "1-0"]
[WhiteElo "1996"]
[BlackElo "1799"]
[PlyCount "85"]

1. e4 e5 2. Nf3 Nc6 3. Bc4 Bc5 4. O-O Nf6 5. d4 exd4 6. e5 d5 7. exf6 dxc4 8.
fxg7 Rg8 9. Bg5 Be7 10. Bxe7 Nxe7 11. Qxd4 Be6 12. Nc3 Nf5 13. Qe4 c6 14. Rfe1
Qf6 15. Rad1 Rd8 16. Qf4 Rd7 17. Ne4 Qxg7 18. g3 Ke7 19. Nc5 Rxd1 20. Rxd1 Qxb2
21. Qc7+ Kf6 22. Ne4+ Kg7 23. c3 Kh8 24. Qe5+ Ng7 25. Nf6 Qc2 26. Rd2 Qb1+ 27.
Kg2 Rc8 28. Nh4 Qb5 29. Qf4 Nh5 30. Qh6 Nxf6 31. Qxf6+ Kg8 32. Rd4 c5 33. Rf4
Qc6+ 34. f3 Qd5 35. Nf5 Bxf5 36. Rxf5 Qe6 37. Rg5+ Kf8 38. Qg7+ Ke7 39. Re5 Rc6
40. Rxe6+ Rxe6 41. Qg5+ Kd6 42. Qf4+ Kc6 43. Qxf7 1-0

[Event "Championnat de France des Jeunes - Cadet"]
[Site "MONTLUCON"]
[Date "2011.04.24"]
[Round "9.2"]
[White "Daadaa, Soha"]
[Black "Le Bail, Arielle"]
[Result "0-1"]
[WhiteElo "1657"]
[BlackElo "1859"]
[PlyCount "112"]

1. d4 Nf6 2. c4 e6 3. Nf3 b6 4. g3 Bb7 5. Bg2 Be7 6. O-O O-O 7. Nc3 Ne4 8. Qc2
Nxc3 9. Qxc3 c5 10. Qd3 Nc6 11. a3 cxd4 12. Nxd4 Ne5 13. Qc2 Bxg2 14. Kxg2 Rc8
15. b3 Bf6 16. Bb2 d5 17. Rfd1 Qe7 18. a4 Qb7 19. Nb5 dxc4+ 20. Kg1 cxb3 21.
Qxb3 Qe4 22. Nd6 Qc2 23. Qb5 Rc5 24. Rac1 Rxb5 25. Rxc2 Rb4 26. Ra1 Rxb2 27.
Rxb2 Nf3+ 28. exf3 Bxb2 29. Rb1 Be5 30. Nb5 a6 31. Na3 Bd4 32. Nc4 h6 33. Nxb6
Rb8 34. a5 Bc3 35. Rc1 Bxa5 36. Nc4 Rc8 37. Kf1 Bb4 38. Rc2 Kf8 39. Ne3 Rxc2
40. Nxc2 Bc5 41. Ne1 a5 42. Nd3 Bd4 43. Ke2 Ke7 44. Kd2 Kd6 45. Kc2 a4 46. f4
Kd5 47. f3 f6 48. g4 Kc4 49. h4 a3 50. Nc1 Be3 51. Ne2 Kb4 52. f5 exf5 53. gxf5
Kc4 54. Nc3 Bd4 55. Na2 h5 56. Nc1 Bf2 0-1

[Event "Championnat de France des Jeunes - Cadet"]
[Site "MONTLUCON"]
[Date "2011.04.24"]
[Round "9.3"]
[White "Neuhauser, Salome"]
[Black "Lenoel, Marine"]
[Result "1-0"]
[WhiteElo "2075"]
[BlackElo "1793"]
[PlyCount "89"]

1. e4 e5 2. Bc4 Nf6 3. d3 Nc6 4. Nc3 Bb4 5. Bg5 h6 6. Bxf6 Qxf6 7. Nge2 d6 8.
O-O Bxc3 9. Nxc3 Be6 10. Nd5 Bxd5 11. Bxd5 O-O 12. c3 Ne7 13. Bb3 Ng6 14. g3
Rae8 15. Qe2 Re7 16. Qe3 a6 17. Kh1 Rfe8 18. f4 exf4 19. gxf4 Kh8 20. Rf3 c6
21. Rg1 d5 22. e5 Qf5 23. d4 Qe4 24. f5 Qxe3 25. Rxe3 Nf8 26. Rh3 Kh7 27. Bd1
g6 28. f6 Rc7 29. Bc2 Ne6 30. Rg4 Rh8 31. Rxh6+ Kg8 32. Rxh8+ Kxh8 33. h4 c5
34. dxc5 Rxc5 35. Bb3 b6 36. Kg2 Kh7 37. Kf3 Kh6 38. Ke3 b5 39. Rg1 a5 40. Rd1
Kh5 41. Rxd5 Rxd5 42. Bxd5 Nd8 43. Bxf7 Nxf7 44. e6 Ne5 45. f7 1-0

[Event "Championnat de France des Jeunes - Cadet"]
[Site "MONTLUCON"]
[Date "2011.04.24"]
[Round "9.4"]
[White "Thuret, Marine"]
[Black "Auvray, Juliette"]
[Result "1/2-1/2"]
[WhiteElo "1909"]
[BlackElo "2001"]
[PlyCount "95"]

1. b3 e5 2. Bb2 d6 3. e3 Be6 4. d4 exd4 5. Bxd4 Nc6 6. Bb5 Bd7 7. Bb2 Qg5 8.
Be2 Ne5 9. g3 Qe7 10. Nf3 O-O-O 11. Nbd2 Bc6 12. O-O Nf6 13. Qe1 h5 14. Nxe5
dxe5 15. Nc4 Nd7 16. Qa5 Kb8 17. Nxe5 Nxe5 18. Qxe5 f6 19. Qxe7 Bxe7 20. Rad1
Bd6 21. h4 Rh6 22. Ba3 g5 23. Rd4 Kc8 24. Bxd6 Rxd6 25. Rfd1 Kd7 26. Rxd6+ cxd6
27. Rd4 Rh8 28. Kf1 Ke7 29. b4 a6 30. c4 b6 31. Ke1 Be8 32. hxg5 fxg5 33. Rd2
Rg8 34. c5 dxc5 35. bxc5 Bf7 36. Rd5 Kf6 37. f4 gxf4 38. gxf4 bxc5 39. Rxc5 h4
40. Rc6+ Kf5 41. Rh6 Bxa2 42. Bxa6 Kg4 43. Kf2 Bd5 44. Be2+ Kh3 45. Bf1+ Kg4
46. Be2+ Kh3 47. Bf1+ Kg4 48. Be2+ 1/2-1/2

[Event "Championnat de France des Jeunes - Cadet"]
[Site "MONTLUCON"]
[Date "2011.04.24"]
[Round "9.5"]
[White "Alonso, Audrey"]
[Black "Kohi, Camilla"]
[Result "1-0"]
[WhiteElo "1842"]
[BlackElo "1797"]
[PlyCount "91"]

1. e4 e6 2. d4 d5 3. exd5 exd5 4. Bd3 Bd6 5. Ne2 Ne7 6. Bf4 Bf5 7. c3 c6 8.
Bxd6 Qxd6 9. Ng3 Bxd3 10. Qxd3 Qg6 11. Qe2 Qf6 12. O-O O-O 13. Nh5 Qd6 14. Qg4
Ng6 15. Nd2 Nd7 16. Nf3 Nf6 17. Nxf6+ Qxf6 18. Qd7 Nf4 19. Qg4 Ng6 20. Rfe1
Rfe8 21. Kf1 h6 22. Qd7 Re7 23. Rxe7 Qxe7 24. Qf5 Re8 25. Re1 Qd8 26. Ne5 Nxe5
27. dxe5 Qc8 28. Qxc8 Rxc8 29. f4 Re8 30. Kf2 Re6 31. f5 Re8 32. Kf3 Kh7 33.
Kf4 g6 34. e6 gxf5 35. exf7 Rf8 36. Re7 b6 37. Kxf5 Kg7 38. Rxa7 Rxf7+ 39.
Rxf7+ Kxf7 40. Ke5 Ke7 41. g4 Kd7 42. h4 Ke7 43. a4 Kd7 44. g5 hxg5 45. hxg5 d4
46. cxd4 1-0

[Event "Championnat de France des Jeunes - Cadet"]
[Site "MONTLUCON"]
[Date "2011.04.24"]
[Round "9.6"]
[White "Turquetille, Annabelle"]
[Black "Haller, Noemie"]
[Result "0-1"]
[WhiteElo "1773"]
[BlackElo "1654"]
[PlyCount "110"]

1. e4 c5 2. Nc3 d6 3. f4 Nc6 4. Nf3 Bg4 5. h3 Bd7 6. Bc4 e6 7. d3 a6 8. Be3 b5
9. Bb3 Nf6 10. Qe2 Qc7 11. a3 Na5 12. Ba2 c4 13. dxc4 Nxc4 14. Bxc4 bxc4 15. g4
Qb7 16. Bc1 Bc6 17. Nd2 d5 18. exd5 Nxd5 19. Nxd5 Bxd5 20. Rh2 Rc8 21. Rb1 Bd6
22. Rf2 Bc5 23. Rh2 Bg1 24. Nf1 Bxh2 25. Nxh2 O-O 26. Bd2 c3 27. Bc1 Ba2 28.
Ra1 cxb2 29. Bxb2 Qxb2 30. Rd1 Qc3+ 31. Kf2 Qxc2 32. Rd2 Qc5+ 33. Ke1 Qg1+ 34.
Nf1 Bc4 35. Qf2 Qxf1+ 36. Qxf1 Bxf1 37. Kxf1 Rc3 38. a4 Rfc8 39. Rd6 R3c6 40.
Rd7 Kf8 41. Kg2 Ke8 42. Ra7 Rb8 43. Kg3 Rb4 44. Ra8+ Ke7 45. Ra7+ Kf6 46. g5+
Kg6 47. h4 f5 48. h5+ Kxh5 49. Kf3 Rc3+ 50. Ke2 Rb2+ 51. Kd1 Kg6 52. Rxa6 Rg3
53. Rxe6+ Kf7 54. Re5 Rg1+ 55. Re1 Rb1+ 0-1

[Event "Championnat de France des Jeunes - Cadet"]
[Site "MONTLUCON"]
[Date "2011.04.24"]
[Round "9.7"]
[White "Soriano, Manon"]
[Black "Josse, Mathilde"]
[Result "1-0"]
[WhiteElo "1551"]
[BlackElo "1721"]
[PlyCount "125"]

1. e4 e5 2. Nf3 Nc6 3. d4 exd4 4. Bc4 Be7 5. Nxd4 d6 6. Nxc6 bxc6 7. O-O Nf6 8.
Nc3 O-O 9. Re1 a5 10. e5 Nd7 11. e6 fxe6 12. Bxe6+ Kh8 13. b3 Bf6 14. Bb2 Ne5
15. Bxc8 Qxc8 16. Rb1 Qf5 17. Ne4 Bh4 18. Qe2 Rae8 19. Ng3 Qg6 20. Bxe5 Rxe5
21. Qc4 Bxg3 22. fxg3 Rc5 23. Qd3 Rxc2 24. Qa6 Qf5 25. Rf1 Rf2 26. h3 Qc5 27.
Rxf2 Qxf2+ 28. Kh2 Qf5 29. Re1 h6 30. Qxc6 Qf2 31. Re7 Qxa2 32. Qxc7 Qb2 33.
Qxd6 Qxb3 34. Qe5 Rf7 35. Re8+ Kh7 36. Qe4+ g6 37. Qa8 Qb2 38. Qxa5 h5 39. Qd5
Qf6 40. Re6 Qc3 41. Qg5 Qg7 42. g4 hxg4 43. Qxg4 Qh6 44. Qg3 Qh5 45. Re8 Qh6
46. h4 Rd7 47. Qg4 Rf7 48. Re5 Qf4+ 49. Qxf4 Rxf4 50. Kg3 Rb4 51. Re7+ Kg8 52.
Kf3 Rxh4 53. g4 Rh1 54. Kf4 Rc1 55. Kg5 Rc6 56. Kh6 Rd6 57. g5 Rc6 58. Rg7+ Kh8
59. Rxg6 Rxg6+ 60. Kxg6 Kg8 61. Kh6 Kh8 62. g6 Kg8 63. g7 1-0

[Event "Championnat de France des Jeunes - Cadet"]
[Site "MONTLUCON"]
[Date "2011.04.24"]
[Round "9.8"]
[White "Finkel, Julie"]
[Black "Lebret, Loriane"]
[Result "1/2-1/2"]
[WhiteElo "1697"]
[BlackElo "1625"]
[PlyCount "90"]

1. g3 e5 2. Bg2 Nf6 3. d3 d5 4. Nf3 Nc6 5. a3 Bd6 6. b4 a6 7. c4 dxc4 8. dxc4
Be6 9. Nbd2 O-O 10. O-O Nd7 11. Bb2 f5 12. Rc1 e4 13. Nd4 Nxd4 14. Bxd4 Be5 15.
e3 Bxd4 16. exd4 Qf6 17. d5 Bf7 18. c5 Bxd5 19. Nxe4 Bxe4 20. Qxd7 Rf7 21. Qd2
Rd8 22. Qc3 Qxc3 23. Rxc3 Rd2 24. Re1 Bxg2 25. Kxg2 Rfd7 26. Rf3 g6 27. g4 fxg4
28. Re8+ Kg7 29. Rfe3 Rf7 30. R8e7 Rdxf2+ 31. Kg3 R2f3+ 32. Kxg4 Rxe3 33. Rxe3
Kf6 34. a4 Re7 35. Rd3 Re4+ 36. Kf3 Rxb4 37. Rd7 Rxa4 38. Rxc7 Rb4 39. c6 bxc6
40. Rxc6+ Kf5 41. Rxa6 Rb3+ 42. Kg2 h5 43. Ra5+ Kf4 44. Ra4+ Kg5 45. h4+ Kh6
1/2-1/2

[Event "Championnat de France des Jeunes - Cadet"]
[Site "MONTLUCON"]
[Date "2011.04.24"]
[Round "9.9"]
[White "Sellier, Charlotte"]
[Black "Copin, Oceane"]
[Result "0-1"]
[WhiteElo "1250"]
[BlackElo "1914"]
[PlyCount "76"]

1. e4 c6 2. d4 d5 3. Nc3 dxe4 4. Nxe4 Nf6 5. Nc3 Bf5 6. Nf3 e6 7. Be2 Bd6 8.
O-O Qc7 9. Be3 Nbd7 10. Rc1 Ng4 11. g3 Nxe3 12. fxe3 Nf6 13. Nh4 Bh3 14. Rf2
O-O-O 15. e4 Bb4 16. Bf3 g5 17. Ng2 g4 18. Be2 Bxc3 19. bxc3 Nxe4 20. Rf4 Nxc3
21. Qd2 Nxe2+ 22. Qxe2 Bxg2 23. Kxg2 h5 24. Rcf1 Rd7 25. c4 Rhd8 26. Qe3 Re7
27. Re1 Qd6 28. h4 b5 29. d5 cxd5 30. cxb5 Rdd7 31. Ra4 d4 32. Qd3 Qd5+ 33. Kg1
e5 34. Qf5 e4 35. Qxd5 Rxd5 36. Rc4+ Kb7 37. a4 e3 38. Kf1 d3 0-1